00524nam a2200157 i 4500001000300000100002000003245008200023260002100105040000800126041000800134942000700142008004100149999001700190856009800207952006100305bg1 aWASILUK, Wiktor 0aWentylacja i klimatyzacja siłowni i ładowni okrętowych /cWiktor Wasiluk. aGdańsk,c1978. cBPK apol cKS s pl f |000 0 pol  c17915d17915 uhttp://koha.tu.koszalin.pl/cgi-bin/koha/opac-detail.pl?biblionumber=17915yKatalog online BPK 00104070aBPKbBPKcwo23588p01688450s2017-07-11yKS